000 004240000a22001810004500
003 MACL
005 20151011154314.0
008 151011b xxu||||| |||| 00| 0 eng d
040 _aMACL
_cMACL
041 _aEnglish
082 _a920/GUP
100 _aGupta, J. Sen
_914161
245 _aP.C. Ray
260 _bNatioal Book Trust
_c1972
_aNew Delhi
350 _a2.75
650 _aBiography
_914393
942 _cBK
_k920
_2ddc
999 _c7202
_d7202